[Event "Titled Tuesday intern op 30th Apr Early"]
[Site "Chess.com INT"]
[Date "2024.04.30"]
[Round "1"]
[White "Aarav, Dengla"]
[Black "Bobkov, Vadim"]
[Result "1-0"]
[WhiteElo "2395"]
[BlackElo "2267"]
[PlyCount "47"]
[EventDate "2024.04.30"]
[EventType "swiss (blitz)"]
[EventRounds "11"]
[EventCountry "USA"]
[SourceTitle "CB19_2024"]
[SourceDate "2024.05.08"]
[SourceVersion "1"]
[SourceVersionDate "2024.05.08"]
[SourceQuality "1"]

1. b3 a5 2. Bb2 d6 3. d4 g6 4. d5 Nf6 5. c4 Bg7 6. Nd2 0-0 7. g3 e5 8. dxe6 fxe6 9. Bg2 Ng4 10. Bxg7 Nxf2 11. Bxf8 Nxd1 12. Rxd1 Qxf8 13. Ngf3 Nc6 14. 0-0 Qh6 15. Ne4 Qe3+ 16. Nf2 Qxe2 17. Ng4 Qxa2 18. Ng5 Qxb3 19. Nh6+ Kg7 20. Rf7+ Kxh6 21. h4 Kh5 22. Kh2 Qxd1 23. Rxh7+ Kg4 24. Bh3# 1-0

[Event "Titled Tuesday intern op 30th Apr Early"]
[Site "Chess.com INT"]
[Date "2024.04.30"]
[Round "5"]
[White "Aarav, Dengla"]
[Black "Kovalev, Vladislav"]
[Result "1-0"]
[WhiteElo "2395"]
[BlackElo "2559"]
[PlyCount "79"]
[EventDate "2024.04.30"]
[EventType "swiss (blitz)"]
[EventRounds "11"]
[EventCountry "USA"]
[SourceTitle "CB19_2024"]
[SourceDate "2024.05.08"]
[SourceVersion "1"]
[SourceVersionDate "2024.05.08"]
[SourceQuality "1"]

1. e4 e5 2. Nf3 Nc6 3. Bc4 Nf6 4. d3 Bc5 5. c3 d6 6. 0-0 a6 7. Re1 h6 8. d4 Ba7 9. h3 Qe7 10. Be3 g5 11. d5 Nd8 12. Bxa7 Rxa7 13. Nfd2 Rg8 14. a4 g4 15. hxg4 Nxg4 16. Nf3 Qf6 17. Nbd2 h5 18. Qe2 h4 19. Nh2 Qg6 20. Nxg4 Bxg4 21. Qe3 Ra8 22. Bf1 f6 23. Nf3 Bxf3 24. Qxf3 Nf7 25. Qh3 Ng5 26. Qg4 Ke7 27. Re3 Raf8 28. f4 exf4 29. Qxf4 Nf7 30. Qxh4 Ne5 31. Be2 Rh8 32. Qf4 Rfg8 33. Bf3 Rh4 34. Qf5 Qh6 35. Qe6+ Kd8 36. Qxg8+ Ke7 37. Kf2 Qf4 38. Ke2 Rh2 39. Rf1 Ng4 40. Qxg4 1-0

[Event "Titled Tuesday intern op 30th Apr Early"]
[Site "Chess.com INT"]
[Date "2024.04.30"]
[Round "7"]
[White "Gharibyan, Mamikon"]
[Black "Aarav, Dengla"]
[Result "1-0"]
[WhiteElo "2493"]
[BlackElo "2395"]
[PlyCount "111"]
[EventDate "2024.04.30"]
[EventType "swiss (blitz)"]
[EventRounds "11"]
[EventCountry "USA"]
[SourceTitle "CB19_2024"]
[SourceDate "2024.05.08"]
[SourceVersion "1"]
[SourceVersionDate "2024.05.08"]
[SourceQuality "1"]

1. e4 c5 2. Nf3 d6 3. d4 cxd4 4. Nxd4 Nf6 5. Nc3 a6 6. h3 e5 7. Nb3 Be7 8. g4 Be6 9. g5 Nfd7 10. h4 Nc6 11. Be3 Rc8 12. Rg1 Nb6 13. h5 Nc4 14. Bxc4 Bxc4 15. g6 hxg6 16. hxg6 fxg6 17. Qg4 Bf7 18. 0-0-0 Qd7 19. Qf3 Rf8 20. Qe2 Nb4 21. a3 Na2+ 22. Nxa2 Bxb3 23. Nc3 Rxc3 24. bxc3 Bf7 25. Bg5 Qa4 26. Qe3 Qxa3+ 27. Kd2 Bxg5 28. Rxg5 Ke7 29. Qb6 Qc5 30. Qxc5 dxc5 31. Rxe5+ Kd6 32. f4 Re8 33. Ke3+ Kc6 34. Rxe8 Bxe8 35. Rd8 Bf7 36. Rc8+ Kd6 37. Rf8 Be6 38. Rb8 Kc7 39. Re8 Kd7 40. Ra8 Kc7 41. Rf8 Kd7 42. Rh8 Ke7 43. Rb8 b5 44. Rb7+ Bd7 45. Rb6 Bc8 46. Rxg6 Kf7 47. Rc6 Be6 48. Rxa6 Ke7 49. f5 Bd7 50. Rb6 Kd8 51. Kf4 Ke7 52. Rg6 Kf7 53. e5 Kf8 54. Rb6 Ke7 55. e6 Bc8 56. Ke5 1-0

[Event "Titled Tuesday intern op 23rd Apr Late"]
[Site "Chess.com INT"]
[Date "2024.04.23"]
[Round "8"]
[White "Brodsky, David"]
[Black "Aarav, Dengla"]
[Result "1-0"]
[WhiteElo "2515"]
[BlackElo "2395"]
[PlyCount "77"]
[EventDate "2024.04.23"]
[EventType "swiss (blitz)"]
[EventRounds "11"]
[EventCountry "USA"]
[SourceTitle "CB18_2024"]
[SourceDate "2024.05.01"]
[SourceVersion "1"]
[SourceVersionDate "2024.05.01"]
[SourceQuality "2"]

1. d4 d5 2. c4 e6 3. Nf3 a6 4. Bg5 Be7 5. Bxe7 Qxe7 6. Nbd2 Nf6 7. g3 b6 8. Bg2 Bb7 9. 0-0 Nbd7 10. Rc1 c5 11. cxd5 exd5 12. dxc5 bxc5 13. Nb3 Rb8 14. Qc2 Rc8 15. Rfd1 0-0 16. e3 Ne4 17. Nfd2 Nd6 18. Na5 Ba8 19. Nb1 Nf6 20. Nc3 Qe6 21. Ne2 Nde4 22. Nf4 Qb6 23. Nb3 Rfe8 24. h3 h6 25. Nd2 Nd6 26. b3 Bb7 27. Nb1 Nb5 28. Nxd5 Nxd5 29. Bxd5 Nd4 30. exd4 Bxd5 31. dxc5 Qe6 32. Kh2 Be4 33. Qd2 Bb7 34. Re1 Qc6 35. f4 Rcd8 36. Qf2 Rxe1 37. Rxe1 Rd3 38. Nd2 Qd5 39. Ne4 1-0

[Event "Titled Tuesday intern op 23rd Apr Late"]
[Site "Chess.com INT"]
[Date "2024.04.23"]
[Round "3"]
[White "Zhigalko, Sergei"]
[Black "Aarav, Dengla"]
[Result "0-1"]
[WhiteElo "2572"]
[BlackElo "2395"]
[PlyCount "102"]
[EventDate "2024.04.23"]
[EventType "swiss (blitz)"]
[EventRounds "11"]
[EventCountry "USA"]
[SourceTitle "CB18_2024"]
[SourceDate "2024.05.01"]
[SourceVersion "1"]
[SourceVersionDate "2024.05.01"]
[SourceQuality "2"]

1. g4 d5 2. Bg2 e5 3. c4 dxc4 4. Na3 Bxa3 5. bxa3 c6 6. Rb1 Ne7 7. Qc2 Qd4 8. h3 0-0 9. Nf3 Qc5 10. d3 Na6 11. Qxc4 Qxc4 12. dxc4 f6 13. 0-0 Nc5 14. Be3 Na4 15. Rfc1 a5 16. Nd2 Rd8 17. Ne4 Kf7 18. Nc5 Nxc5 19. Bxc5 Rd2 20. Rd1 Rc2 21. Rd8 Rxc4 22. Bxe7 Kxe7 23. Rbd1 Rc1 24. a4 Be6 25. Rxa8 Rxd1+ 26. Kh2 Bxa2 27. Rxa5 Rd2 28. Ra7 Rd7 29. a5 Bd5 30. Bxd5 cxd5 31. Kg1 Kd6 32. Kf1 Kc6 33. Ke1 Rc7 34. a6 Kb6 35. Ra8 bxa6 36. Rd8 Kc5 37. Kd2 a5 38. Ra8 Kb6 39. Rb8+ Rb7 40. Rd8 Kc6 41. Rc8+ Kb5 42. Rh8 h6 43. Kd3 a4 44. Ra8 Kb4 45. e3 a3 46. f4 exf4 47. exf4 Kb3 48. Kd4 a2 49. Kxd5 Rb4 50. Rxa2 Kxa2 51. Ke6 Rxf4 0-1

[Event "Titled Tuesday intern op 13th Feb Early"]
[Site "Chess.com INT"]
[Date "2024.02.13"]
[Round "2"]
[White "Szczepanek, Radoslaw"]
[Black "Aarav, Dengla"]
[Result "1-0"]
[WhiteElo "2205"]
[BlackElo "2395"]
[PlyCount "63"]
[EventDate "2024.02.13"]
[EventType "swiss (blitz)"]
[EventRounds "11"]
[EventCountry "USA"]
[SourceTitle "CB08_2024"]
[SourceDate "2024.02.21"]
[SourceVersion "1"]
[SourceVersionDate "2024.02.21"]
[SourceQuality "1"]

1. e4 c5 2. Nc3 d6 3. d4 cxd4 4. Qxd4 Nc6 5. Qd2 Bd7 6. b3 Rc8 7. Bb2 Nf6 8. 0-0-0 e6 9. f4 Qa5 10. Kb1 Be7 11. Nf3 Nb4 12. a3 Na6 13. e5 dxe5 14. Nxe5 Bc6 15. Bc4 0-0 16. Nxc6 bxc6 17. Nd5 Qd8 18. Nxf6+ Bxf6 19. Qxd8 Rfxd8 20. Rxd8+ Rxd8 21. Bxa6 Rd2 22. Bxf6 gxf6 23. Rg1 e5 24. fxe5 fxe5 25. Bd3 Rf2 26. g4 Kg7 27. h4 Rh2 28. h5 h6 29. Kb2 Kf6 30. Kc3 Kg5 31. Kc4 Rf2 32. Kc5 1-0

[Event "Titled Tuesday intern op 16th Jan Late"]
[Site "Chess.com INT"]
[Date "2024.01.16"]
[Round "8"]
[White "Aarav, Dengla"]
[Black "Kopczynski, Michal"]
[Result "1-0"]
[WhiteElo "2382"]
[BlackElo "2225"]
[PlyCount "57"]
[EventDate "2024.01.16"]
[EventType "swiss (blitz)"]
[EventRounds "11"]
[EventCountry "USA"]
[SourceTitle "CB04_2024"]
[SourceDate "2023.10.16"]
[SourceVersion "1"]
[SourceVersionDate "2023.10.16"]
[SourceQuality "1"]

1. b3 e5 2. Bb2 d6 3. e3 f5 4. d4 e4 5. c4 Nf6 6. Nd2 g6 7. Qc2 Bg7 8. Be2 0-0 9. h4 c6 10. Nh3 d5 11. h5 Na6 12. a3 Nc7 13. hxg6 hxg6 14. Nf4 g5 15. Ng6 Re8 16. Ne5 f4 17. 0-0-0 Bf5 18. g4 Bh7 19. exf4 e3 20. Bd3 exd2+ 21. Rxd2 Ne4 22. f3 Bxe5 23. dxe5 gxf4 24. fxe4 Qg5 25. exd5 Bxd3 26. Qxd3 Re7 27. d6 Rd8 28. dxc7 Rxd3 29. c8Q+ 1-0

[Event "Titled Tuesday intern op 16th Jan Early"]
[Site "Chess.com INT"]
[Date "2024.01.16"]
[Round "2"]
[White "Deac, Bogdan Daniel"]
[Black "Aarav, Dengla"]
[Result "1-0"]
[WhiteElo "2690"]
[BlackElo "2382"]
[PlyCount "73"]
[EventDate "2024.01.16"]
[EventType "swiss (blitz)"]
[EventRounds "11"]
[EventCountry "USA"]
[SourceTitle "CB04_2024"]
[SourceDate "2023.10.16"]
[SourceVersion "1"]
[SourceVersionDate "2023.10.16"]
[SourceQuality "1"]

1. b3 d5 2. Bb2 Nf6 3. e3 Bf5 4. c4 e6 5. cxd5 exd5 6. Qf3 Bxb1 7. Rxb1 Nbd7 8. Ne2 Bd6 9. Nd4 0-0 10. Nf5 Be5 11. Bxe5 Nxe5 12. Qg3 Ng6 13. Bd3 Ne4 14. Bxe4 dxe4 15. Qg4 Qd3 16. Rd1 Qd5 17. Qxg6 Qxd2+ 18. Rxd2 hxg6 19. Ne7+ Kh7 20. Nd5 c6 21. Nc3 f5 22. Rd7 Rfd8 23. Rxb7 Rd3 24. Ne2 Rad8 25. 0-0 Rd2 26. Nd4 Rxa2 27. Nxc6 Rdd2 28. Rxa7 Rxa7 29. Nxa7 Rb2 30. h4 Rxb3 31. g3 Kh6 32. Nc6 Rc3 33. Nd4 Rc5 34. Ra1 Kh5 35. Kg2 Rd5 36. Ra6 Rd7 37. Ne6 1-0

[Event "Titled Tuesday intern op 16th Jan Late"]
[Site "Chess.com INT"]
[Date "2024.01.16"]
[Round "6"]
[White "Morefield, Jason P"]
[Black "Aarav, Dengla"]
[Result "0-1"]
[WhiteElo "2209"]
[BlackElo "2382"]
[PlyCount "75"]
[EventDate "2024.01.16"]
[EventType "swiss (blitz)"]
[EventRounds "11"]
[EventCountry "USA"]
[SourceTitle "CB04_2024"]
[SourceDate "2023.10.16"]
[SourceVersion "1"]
[SourceVersionDate "2023.10.16"]
[SourceQuality "1"]

1. e4 c5 2. Nf3 d6 3. d4 cxd4 4. Nxd4 Nf6 5. Nc3 a6 6. Be2 e5 7. Nb3 Be7 8. Be3 0-0 9. g4 Be6 10. g5 Nfd7 11. Qd2 Nc6 12. 0-0-0 Rc8 13. f4 exf4 14. Bxf4 Nce5 15. Nd5 Bxd5 16. exd5 Nb6 17. Bxe5 dxe5 18. h4 Qc7 19. Bf3 Rfd8 20. Kb1 Nc4 21. Qe2 a5 22. Nc1 Qb6 23. c3 Ba3 24. Nd3 a4 25. Ka1 Bd6 26. Be4 a3 27. b3 Na5 28. Qd2 Rc7 29. h5 Rdc8 30. Rc1 Qxb3 31. Bf5 Rf8 32. g6 Qxd5 33. gxf7+ Rcxf7 34. Bg6 Rf2 35. Qxf2 Rxf2 36. Nxf2 hxg6 37. hxg6 Qd2 38. Nd1 0-1

[Event "Titled Tuesday intern op 09th Jan Early"]
[Site "Chess.com INT"]
[Date "2024.01.09"]
[Round "3"]
[White "Aarav, Dengla"]
[Black "Begunov, Konstantin"]
[Result "0-1"]
[WhiteElo "2382"]
[BlackElo "2325"]
[PlyCount "86"]
[EventDate "2024.01.09"]
[EventType "swiss (blitz)"]
[EventRounds "11"]
[EventCountry "USA"]
[SourceTitle "CB03_2024"]
[SourceDate "2024.01.17"]
[SourceVersion "1"]
[SourceVersionDate "2024.01.17"]
[SourceQuality "1"]

1. b3 d5 2. Bb2 Bg4 3. g3 c6 4. Bg2 Nd7 5. Nf3 f6 6. d4 e6 7. c4 Bd6 8. 0-0 Qe7 9. Nbd2 f5 10. Qc2 Ngf6 11. Ne5 Bh5 12. f4 0-0 13. c5 Bxe5 14. fxe5 Ne4 15. Nxe4 fxe4 16. e3 Qg5 17. Rf4 Qe7 18. Raf1 g5 19. R4f2 Rxf2 20. Rxf2 Rf8 21. Bc3 Rxf2 22. Qxf2 Qf7 23. h3 Bf3 24. Bxf3 exf3 25. Kh2 h5 26. g4 hxg4 27. hxg4 Qh7+ 28. Kg3 Qd3 29. Be1 Nf8 30. Qxf3 Ng6 31. Kg2 Qc2+ 32. Kg1 Qb1 33. Kf1 Nh4 34. Qf6 Kh7 35. Qxg5 Qxe1+ 36. Kxe1 Nf3+ 37. Ke2 Nxg5 38. b4 Kg6 39. a4 a6 40. Kd3 Ne4 41. Kc2 Kg5 42. b5 a5 43. Kb3 Kxg4 0-1

[Event "US Masters op"]
[Site "Charlotte"]
[Date "2023.11.26"]
[Round "8"]
[White "Aarav, Dengla"]
[Black "Vazquez, Guillermo"]
[Result "0-1"]
[WhiteElo "2391"]
[BlackElo "2575"]
[PlyCount "134"]
[EventDate "2023.11.22"]
[EventType "swiss"]
[EventRounds "9"]
[EventCountry "USA"]
[SourceTitle "CB48_2023"]
[SourceDate "2023.11.29"]
[SourceVersion "1"]
[SourceVersionDate "2023.11.29"]
[SourceQuality "1"]

1. e4 c6 2. d4 d5 3. e5 Bf5 4. h4 h5 5. Bd3 Bxd3 6. Qxd3 Qa5+ 7. Nd2 e6 8. Ngf3 Ne7 9. 0-0 Nf5 10. Nb3 Qa6 11. Qd1 b6 12. Bg5 c5 13. c3 Nc6 14. Re1 Rc8 15. g3 Qa4 16. Kg2 c4 17. Nc1 Qxd1 18. Rxd1 b5 19. a3 Nb8 20. Ne2 Nd7 21. Bd2 Nb6 22. Rac1 Na4 23. Rc2 Rc6 24. Nf4 Be7 25. Kh3 a5 26. Rb1 Kd7 27. Ra1 g6 28. Ng5 Bxg5 29. hxg5 Ra6 30. Ne2 Ne7 31. Rb1 Rb8 32. b4 cxb3 33. Rxb3 Rc6 34. Rc1 Rc4 35. Rcb1 Kc6 36. Kg2 Rb6 37. Kf3 Nf5 38. Kg2 Rb7 39. f3 Ne7 40. Kf2 Nc8 41. Nf4 Na7 42. g4 hxg4 43. fxg4 Kb6 44. Rh1 Ka6 45. Rh7 Nc6 46. Ne2 Rc7 47. Rh8 Rb7 48. Rh7 Nb6 49. Nf4 Ra7 50. Nd3 Na4 51. Rh8 Rc7 52. Rf8 Na7 53. Rb8 Rc8 54. Rxc8 Nxc8 55. Nb2 Nxb2 56. Rxb2 Nb6 57. Ke2 Rc8 58. Kd1 Nc4 59. Ra2 Rh8 60. Bc1 Rh1+ 61. Kc2 Kb6 62. a4 b4 63. Ra1 Rh3 64. cxb4 axb4 65. a5+ Nxa5 66. Bb2 Nc4 67. Rb1 b3+ 0-1

[Event "Charlotte CCCSA Fall GM-A"]
[Site "Charlotte"]
[Date "2023.11.20"]
[Round "7"]
[White "Aarav, Dengla"]
[Black "Corrales Jimenez, Fidel"]
[Result "1/2-1/2"]
[WhiteElo "2391"]
[BlackElo "2525"]
[PlyCount "22"]
[EventDate "2023.11.17"]
[EventType "tourn"]
[EventRounds "9"]
[EventCountry "USA"]
[EventCategory "8"]
[SourceTitle "CB48_2023"]
[SourceDate "2023.11.29"]
[SourceVersion "1"]
[SourceVersionDate "2023.11.29"]
[SourceQuality "1"]

1. e4 c6 2. Nf3 d5 3. exd5 cxd5 4. Ne5 Nc6 5. Bb5 Bd7 6. Nxd7 Qxd7 7. d4 a6 8. Be2 e6 9. c3 Bd6 10. Nd2 Nf6 11. 0-0 0-0 1/2-1/2

[Event "Charlotte CCCSA Fall GM-A"]
[Site "Charlotte"]
[Date "2023.11.20"]
[Round "8"]
[White "Cruz, Cristhian"]
[Black "Aarav, Dengla"]
[Result "0-1"]
[WhiteElo "2498"]
[BlackElo "2391"]
[PlyCount "210"]
[EventDate "2023.11.17"]
[EventType "tourn"]
[EventRounds "9"]
[EventCountry "USA"]
[EventCategory "8"]
[SourceTitle "CB48_2023"]
[SourceDate "2023.11.29"]
[SourceVersion "1"]
[SourceVersionDate "2023.11.29"]
[SourceQuality "1"]

1. Nf3 d5 2. d4 e6 3. Bf4 c5 4. e3 Nf6 5. Nbd2 Bd6 6. Bb5+ Nc6 7. dxc5 Bxc5 8. 0-0 0-0 9. c4 Nb4 10. a3 Nd3 11. Nb3 Nxf4 12. Nxc5 Ng6 13. Ba4 Qc7 14. b4 dxc4 15. Rc1 a6 16. Qd4 e5 17. Qb2 b6 18. Rxc4 e4 19. Rfc1 bxc5 20. Rxc5 Qe7 21. Rc7 Qd8 22. Ne5 Be6 23. h3 Qd6 24. Nxg6 hxg6 25. R1c6 Qd8 26. Rc5 Qd6 27. R5c6 Qd8 28. Rc5 Nd5 29. R7c6 Ne7 30. Rc7 Nd5 31. R7c6 Ne7 32. Rc7 Rc8 33. Rxc8 Nxc8 34. Bc2 Qd2 35. Qc3 Qc1+ 36. Kh2 Nd6 37. a4 Qf1 38. Qd4 Nf5 39. Qd2 Qa1 40. a5 Qb2 41. Qc3 Qa2 42. Rc6 Ne7 43. Rc5 Rd8 44. Rc7 Nd5 45. Qd4 Rb8 46. Rc6 Nxb4 47. Rb6 Rc8 48. Bxe4 Nc2 49. Qe5 Na3 50. Rb8 Qc4 51. Rb6 Qa2 52. Rb8 Qc4 53. Rb6 Re8 54. Bc6 Bd7 55. Qd6 Bxc6 56. Rxc6 Qe6 57. Rxa6 Qxd6+ 58. Rxd6 Re5 59. a6 Ra5 60. Rc6 f6 61. Kg3 Nb1 62. e4 Nd2 63. f3 Kh7 64. h4 Nb3 65. Kf4 Nc5 66. g4 Nxa6 67. g5 fxg5+ 68. hxg5 Nc5 69. Kg4 Nd3 70. f4 Ra3 71. Rc2 Ra4 72. Re2 Nc5 73. Kf3 Ra3+ 74. Kg4 Ra4 75. Kf3 Ne6 76. Rd2 Ra3+ 77. Kg4 Ra4 78. Kf3 Ra3+ 79. Kg4 Re3 80. e5 Kg8 81. Rd6 Kf7 82. Ra6 Rd3 83. Ra7+ Kf8 84. Ra8+ Ke7 85. Ra7+ Rd7 86. Ra3 Kf7 87. Ra4 Rc7 88. Rb4 Nc5 89. Rc4 Ke7 90. Rd4 Ra7 91. Rc4 Ne6 92. Rb4 Rd7 93. Ra4 Kf7 94. Rb4 Rd4 95. Rb7+ Ke8 96. Rb8+ Ke7 97. Rb7+ Ke8 98. Rb8+ Ke7 99. Rb7+ Kd8 100. Rb6 Kd7 101. Rb7+ Kd8 102. Rb6 Kd7 103. Rb7+ Kc6 104. Re7 Nxf4 105. Kf3 Kd5 0-1

[Event "Charlotte CCCSA Fall GM-A"]
[Site "Charlotte"]
[Date "2023.11.18"]
[Round "3"]
[White "Aarav, Dengla"]
[Black "Chen, Ryo"]
[Result "1-0"]
[WhiteElo "2391"]
[BlackElo "2367"]
[PlyCount "149"]
[EventDate "2023.11.17"]
[EventType "tourn"]
[EventRounds "9"]
[EventCountry "USA"]
[EventCategory "8"]
[SourceTitle "CB48_2023"]
[SourceDate "2023.11.29"]
[SourceVersion "1"]
[SourceVersionDate "2023.11.29"]
[SourceQuality "1"]

1. e4 c5 2. Nf3 d6 3. d4 cxd4 4. Nxd4 Nf6 5. Nc3 Nc6 6. Bg5 e6 7. Qd3 Bd7 8. 0-0-0 a6 9. f4 h6 10. Bh4 Be7 11. Nf3 g5 12. fxg5 Ng4 13. Qd2 Nge5 14. Bg3 hxg5 15. Nxe5 Nxe5 16. Bd3 Qa5 17. Kb1 Bc6 18. Rhf1 0-0-0 19. Qf2 Nxd3 20. cxd3 f5 21. exf5 exf5 22. Qxf5+ Qxf5 23. Rxf5 Rdf8 24. Nd5 Bd8 25. Rdf1 Rxf5 26. Rxf5 Re8 27. Nc3 Kd7 28. Rf2 d5 29. Kc2 Bb6 30. Rf7+ Ke6 31. Rf1 Kd7 32. Rf7+ Ke6 33. Rf1 Kd7 34. Rf6 Bc5 35. Rf5 g4 36. Rg5 b5 37. a3 a5 38. Rg7+ Re7 39. Rxe7+ Bxe7 40. Ne2 Bf6 41. d4 b4 42. axb4 axb4 43. Be5 Bg5 44. Kb3 Bb5 45. Ng3 Bd2 46. Kc2 Be1 47. Nh5 Bf1 48. g3 Kc6 49. Kd1 Bf2 50. Nf6 Bg1 51. Ke1 Bd3 52. Nxg4 Kb5 53. Kd2 Bf5 54. Ne3 Be4 55. g4 Ka4 56. h4 Bf2 57. h5 Bh4 58. Ke2 Kb3 59. h6 Bg5 60. Nxd5 Bxh6 61. Nf6 Bc6 62. d5 Bb5+ 63. Kd1 Kc4 64. d6 Bg5 65. Nh7 Bd8 66. Bf6 Bb6 67. Nf8 Bc6 68. g5 Kd3 69. d7 Bf3+ 70. Kc1 Bg4 71. g6 Bf5 72. d8Q+ Bxd8 73. Bxd8 Be4 74. g7 Bd5 75. Nd7 1-0

[Event "AI Cup Play In"]
[Site "Chess.com INT"]
[Date "2023.09.18"]
[Round "1"]
[White "Aarav, Dengla"]
[Black "Perez Ponsa, Federico"]
[Result "0-1"]
[WhiteElo "2391"]
[BlackElo "2527"]
[PlyCount "118"]
[EventDate "2023.09.18"]
[EventType "swiss (rapid)"]
[EventRounds "9"]
[EventCountry "USA"]
[SourceTitle "EXT 2024"]
[Source "ChessBase"]
[SourceDate "2023.10.10"]
[SourceVersion "1"]
[SourceVersionDate "2023.10.10"]
[SourceQuality "1"]

1. e4 c5 2. Nf3 d6 3. d4 cxd4 4. Nxd4 Nf6 5. Nc3 a6 6. Bd3 e5 7. Nde2 Be6 8. 0-0 Nc6 9. Ng3 Be7 10. Bg5 0-0 11. Bxf6 Bxf6 12. Nd5 Bg5 13. Nf5 Bxd5 14. exd5 Ne7 15. Nxe7+ Qxe7 16. Qe2 f5 17. f4 exf4 18. Qxe7 Bxe7 19. Rxf4 g6 20. Re1 Bf6 21. Re6 Be5 22. Rc4 Rf7 23. c3 Kg7 24. a3 Rd8 25. a4 Rdd7 26. a5 Rc7 27. Rxc7 Rxc7 28. Re8 Rc5 29. Re7+ Kf6 30. Rxb7 Rxd5 31. Bxa6 Rxa5 32. Bf1 Ra1 33. g3 d5 34. Kg2 Rc1 35. Bd3 Rd1 36. Be2 Rd2 37. Kf1 f4 38. Ke1 fxg3 39. hxg3 Rxb2 40. Rxb2 Bxc3+ 41. Kf2 Bxb2 42. Kf3 h5 43. Bb5 g5 44. Be8 g4+ 45. Kg2 Kg5 46. Bb5 Be5 47. Bc6 d4 48. Be4 h4 49. gxh4+ Kxh4 50. Bb1 Kg5 51. Kf2 Kf4 52. Bh7 Bd6 53. Ke2 Ba3 54. Kd3 Bb2 55. Be4 Bc3 56. Ba8 Kg3 57. Ke2 Kh2 58. Be4 g3 59. Kf1 d3 0-1

[Event "Casablanca Mohammed op 4th"]
[Site "Casablanca"]
[Date "2023.08.15"]
[Round "2"]
[White "Aarav, Dengla"]
[Black "Fier, Alexandr"]
[Result "1/2-1/2"]
[WhiteElo "2388"]
[BlackElo "2600"]
[PlyCount "88"]
[EventDate "2023.08.14"]
[EventType "swiss"]
[EventRounds "9"]
[EventCountry "MAR"]
[SourceTitle "CBM 215 Extra"]
[Source "ChessBase"]
[SourceDate "2023.09.30"]
[SourceVersion "1"]
[SourceVersionDate "2023.09.30"]
[SourceQuality "1"]

1. e4 Nf6 2. e5 Nd5 3. d4 d6 4. Nf3 g6 5. c4 Nb6 6. exd6 cxd6 7. Nc3 Bg7 8. Be3 0-0 9. Rc1 Bg4 10. Be2 Nc6 11. b3 d5 12. c5 Nc8 13. 0-0 e6 14. Ne1 Bxe2 15. Nxe2 N8e7 16. Nf3 h6 17. Qd2 g5 18. h4 f6 19. b4 a6 20. a4 Nf5 21. hxg5 fxg5 22. Nh2 e5 23. dxe5 d4 24. Qa2+ Kh8 25. Rcd1 Qc7 26. Bc1 Nxb4 27. Qc4 Nc6 28. f4 gxf4 29. Nxf4 Nxe5 30. Qd5 Rad8 31. Qb3 Rde8 32. Qh3 Qxc5 33. Ba3 Qc6 34. Bxf8 Rxf8 35. Nd3 Nc4 36. Rc1 Nfe3 37. Rxf8+ Bxf8 38. Ne5 Qc5 39. Nxc4 Nxc4 40. Qd3 b5 41. axb5 axb5 42. Nf3 Bg7 43. Nd2 Qg5 44. Ra1 Qe3+ 1/2-1/2

[Event "Titled Tuesday intern op 08th Aug Early"]
[Site "Chess.com INT"]
[Date "2023.08.08"]
[Round "1"]
[White "Aarav, Dengla"]
[Black "Tharushi, THD Niklesha"]
[Result "1-0"]
[WhiteElo "2388"]
[BlackElo "1521"]
[PlyCount "97"]
[EventDate "2023.08.08"]
[EventType "swiss (blitz)"]
[EventRounds "11"]
[EventCountry "USA"]
[SourceTitle "EXT 2024"]
[Source "ChessBase"]
[SourceDate "2023.10.10"]
[SourceVersion "1"]
[SourceVersionDate "2023.10.10"]
[SourceQuality "1"]

1. b3 Nf6 2. Bb2 e6 3. d3 d5 4. Nd2 c5 5. g3 Nc6 6. Bg2 Bd6 7. e4 d4 8. h3 e5 9. Ne2 h5 10. Ng1 Ne7 11. a4 Ng6 12. h4 Ng4 13. Nc4 Bc7 14. Nf3 a6 15. Qd2 b6 16. Bh3 Rb8 17. Qe2 b5 18. Ncd2 Bd7 19. axb5 axb5 20. b4 cxb4 21. Nb3 Bd6 22. Qd2 Qf6 23. Bg2 Qe7 24. Bh3 0-0 25. Bxg4 Bxg4 26. Nh2 Be6 27. Qe2 Bxb3 28. cxb3 Qe6 29. Qxh5 Qxb3 30. Qe2 Rfc8 31. Rc1 Rxc1+ 32. Bxc1 Rc8 33. 0-0 Rc2 34. Qg4 Qxd3 35. h5 Nf8 36. Bh6 g6 37. Bxf8 Kxf8 38. hxg6 fxg6 39. Qxg6 Ke7 40. Ng4 Kd7 41. Qf5+ Kc6 42. Qc8+ Kb6 43. Qd8+ Kc6 44. Nf6 b3 45. Qd7+ Kc5 46. Qc8+ Kb4 47. Nd5+ Ka3 48. Qa6+ Kb2 49. Qa1# 1-0

[Event "Biel HTO 56th"]
[Site "Biel"]
[Date "2023.07.23"]
[Round "6"]
[White "Weishaeutel, Moritz"]
[Black "Aarav, Dengla"]
[Result "1-0"]
[WhiteElo "2442"]
[BlackElo "2343"]
[PlyCount "57"]
[EventDate "2023.07.17"]
[EventType "swiss"]
[EventRounds "10"]
[EventCountry "SUI"]
[SourceTitle "CBM 215 Extra"]
[Source "ChessBase"]
[SourceDate "2023.09.30"]
[SourceVersion "1"]
[SourceVersionDate "2023.09.30"]
[SourceQuality "1"]

1. e4 c5 2. Nf3 d6 3. d4 cxd4 4. Nxd4 Nf6 5. Nc3 a6 6. f3 e5 7. Nb3 Be6 8. Be3 Be7 9. Qd2 h5 10. Be2 0-0 11. Nd5 Nxd5 12. exd5 Bf5 13. 0-0 a5 14. f4 exf4 15. Bxf4 Bg6 16. Bd3 Bxd3 17. Qxd3 Nd7 18. Nd4 Bf6 19. Kh1 Qb6 20. Nf5 Ne5 21. Bxe5 Bxe5 22. Ne7+ Kh8 23. Rf5 g6 24. Raf1 gxf5 25. Qxf5 Qxb2 26. Qxh5+ Kg7 27. Nf5+ Kg8 28. Qg5+ Bg7 29. Ne7+ 1-0